Luxury Brands - Statistics

General Stats
  • This quiz has been taken 1,574 times
  • The average score is 6 of 14
Answer Stats
Hint Answer % Correct
largest selling italian brand in the world gucci
86%
movie named after this brand, "devil wears___" prada
86%
french fashion house known for LV monogram louis vuitton
85%
specializes in haute couture, known for little black dress chanel
71%
popular for polo line ralph lauren
71%
american fashion house, popular for underwear calvin klein
56%
british luxury fashion house with horse logo burberry
44%
french footwear designer, shoes also known as "red bottoms" christian louboutin
36%
italian luxury fashion house, signature "baguette" handbags fendi
34%
international italian fashion house giorgio armani
24%
french luxury goods christian dior
17%
new york based fashion designer michael kors
11%
award-winning American fashion designer who specializes in ready-to-wear fashion marc jacobs
10%
american fashion designer with preppy bohemian look tory burch
4%
No matching quizzes found
Score Distribution
Percent of People with Each Score
Percentile by Number Answered
Your Score History
You have not taken this quiz